Modified direct torque control system of five phase induction motor /
Saved in:
| Main Author: | |
|---|---|
| Other Authors: | |
| Format: | Article |
| Language: | English |
| Subjects: | |
| Tags: |
Add Tag
No Tags, Be the first to tag this record!
|
| Institutions: | Thư viện Trường Đại học Đà Lạt |
|---|
| LEADER | 00855nam a2200289 4500 | ||
|---|---|---|---|
| 001 | DLU090098878 | ||
| 005 | ##20091201 | ||
| 040 | # | # | |a DLU |b eng |
| 041 | # | # | |a eng |
| 044 | # | # | |a us |
| 100 | # | # | |a Kim, Namhun. |
| 245 | # | # | |a Modified direct torque control system of five phase induction motor / |c Namhun Kim, Minhuei Kim. |
| 653 | # | # | |a Direct torque control |
| 653 | # | # | |a DTC |
| 653 | # | # | |a Five phase motor |
| 653 | # | # | |a Induction motor |
| 700 | # | # | |a Kim, Minhuei. |
| 773 | # | # | |t Journal of Electrical Engineering & Technology |g Vol. 4, no. 2 (June 2009), p. 266-271 |
| 920 | # | # | |a Phòng Tạp chí -- Trung tâm Thông tin - Thư viện Trường Đại học Đà Lạt |
| 994 | # | # | |a DLU |
| 900 | # | # | |a True |
| 911 | # | # | |a Trương Bảo Trâm Anh |
| 925 | # | # | |a G |
| 926 | # | # | |a A |
| 927 | # | # | |a BB |
| 980 | # | # | |a Thư viện Trường Đại học Đà Lạt |